000 00575nam a2200169 i 4500
001 31936
003 ES-MaACL
005 20230906154458.0
007 t|
008 030130s1924 sp ||||1| spa d
100 1 _aBenischke, G.
_927595
245 1 0 _aBases científicas de la Electrotecnia /
_cG. Benischke ; traducción de la sexta edición alemana por Eduardo de Autrán.
260 _aMadrid :
_bSaturnino Calleja,
_c1924 (
_fTipografía Moderna)
300 _a2 v. :
_bil. ;
_c24 cm.
700 1 _aAutrán, Eduardo de.
_923977
852 _aES-MaACL
_jF-15776-77
_bR.20416
999 _c31936
_d31936